|
|
|
|
| LEADER |
00000nam0a2200000 4500 |
| 001 |
147884 |
| 005 |
20231031145214.0 |
| 010 |
|
|
|a 9785911342333
|
| 035 |
|
|
|a (RuTPU)RU\TPU\book\160298
|
| 090 |
|
|
|a 147884
|
| 100 |
|
|
|a 20081121d2008 m y0rusy50 ca
|
| 101 |
0 |
|
|a rus
|
| 102 |
|
|
|a RU
|
| 105 |
|
|
|a a j 001zy
|
| 200 |
1 |
|
|a Дипломное проектирование. Правила написания и оформления
|e учебное пособие
|f В. П. Куликов
|
| 210 |
|
|
|a Москва
|c Форум
|d 2008
|
| 215 |
|
|
|a 160 с.
|c ил.
|
| 318 |
|
|
|5 63413507
|a Пишем реферат, курсовую, диплом, выпускную квалификационную работу
|b выставка
|
| 320 |
|
|
|a Библиогр.: с. 155-158.
|
| 330 |
|
|
|a В учебном пособии «Дипломное проектирование. Правила написания и оформления» изложены основные требования к разработке дипломных и курсовых проектов, правила составления и оформления пояснительных записок и чертежей проектов, представлены положения действующих стандартов с иллюстрациями, комментариями и справочными данными, необходимыми для использования при разработке проектов и изучении дисциплин по инженерно-техническим циклам. В учебном пособии приведены примеры выполнения и оформления чертежей деталей, сборочных единиц и спецификаций, схем и пояснительных записок к курсовым и дипломным проектам. Учебное пособие предназначено для студентов и преподавателей высших и средних специальных учебных заведений машиностроительного и приборостроительного профиля.
|
| 606 |
1 |
|
|a Дипломные проекты
|2 stltpush
|3 (RuTPU)RU\TPU\subj\9581
|
| 610 |
1 |
|
|a дипломное проектирование
|
| 610 |
1 |
|
|a правила
|
| 610 |
1 |
|
|a чертежи
|
| 610 |
1 |
|
|a графическое оформление
|
| 610 |
1 |
|
|a размеры
|
| 610 |
1 |
|
|a требования
|
| 610 |
1 |
|
|a учебные пособия
|
| 675 |
|
|
|a 62(075.8)
|v 3
|
| 700 |
|
1 |
|a Куликов
|b В. П.
|g Виктор Павлович
|
| 801 |
|
1 |
|a RU
|b 63413507
|c 20081121
|g PSBO
|
| 801 |
|
2 |
|a RU
|b 63413507
|c 20150529
|g PSBO
|
| 942 |
|
|
|c BK
|
| 959 |
|
|
|a 111/20081114
|d 2
|e 84,90
|f АНЛ:1
|f ЧЗГЛ:1
|